书目信息 |
| 题名: |
工程管理伦理
|
|
| 作者: | 方东平 , 张恒力 著 | |
| 分册: | ||
| 出版信息: | 北京 中国建筑工业出版社 2022.08 |
|
| 页数: | 244页 | |
| 开本: | 25cm | |
| 丛书名: | ||
| 单 册: | ||
| 中图分类: | F423-05 | |
| 科图分类: | ||
| 主题词: | 工业经济--中国 | |
| 电子资源: | ||
| ISBN: | 978-7-112-27848-0 | |
| 000 | 00766nam0 2200217 45 | |
| 001 | 2357842052 | |
| 005 | 20230227083651.64 | |
| 010 | @a978-7-112-27848-0@dCNY 65.00 | |
| 100 | @a20230211d2022 km y0chiy0120 ea | |
| 101 | 0 | @achi |
| 102 | @aCN@b110000 | |
| 200 | 1 | @a工程管理伦理@Agong cheng guan li lun li@e基于中国工程管理实践的探索@f方东平,张恒力 等著@Ffang dong ping,zhang heng li deng zhu |
| 210 | @a北京@c中国建筑工业出版社@d2022.08 | |
| 215 | @a244页@d25cm | |
| 517 | @a基于中国工程管理实践的探索@Aji yu zhong guo gong cheng guan li shi jian de tan suo | |
| 606 | 0 | @a工业经济@x中国 |
| 690 | @aF423-05@v4 | |
| 701 | 0 | @a方东平@Afang dong ping@4著 |
| 701 | 0 | @a张恒力@Azhang heng li@4著 |
| 801 | 0 | @aCN@b河南城建学院图书馆@c20230211 |
| 905 | @dF423-05@eF194 | |
| 工程管理伦理:基于中国工程管理实践的探索/方东平,张恒力 等著.-北京:中国建筑工业出版社,2022.08 |
| 244页;25cm |
| ISBN 978-7-112-27848-0:CNY 65.00 |
| ● |
| 相关链接 |
|
|
|
正题名:工程管理伦理
索取号:F423-05/F194
 
预约/预借
| 序号 | 登录号 | 条形码 | 馆藏地/架位号 | 状态 | 备注 |
| 1 | 1507729 | 215077299 | 管理学院资料室/ [索取号:F423-05/F194] | 在馆 |